LEADER 02648nam 2200553 a 450 001 9910143307103321 005 20170815121946.0 010 $a1-907293-40-X 010 $a0-85708-651-0 010 $a1-280-51943-6 010 $a9786610519439 010 $a1-84112-732-9 035 $a(CKB)1000000000338650 035 $a(EBL)267141 035 $a(OCoLC)319658311 035 $a(SSID)ssj0000198075 035 $a(PQKBManifestationID)12023985 035 $a(PQKBTitleCode)TC0000198075 035 $a(PQKBWorkID)10170804 035 $a(PQKB)10155499 035 $a(MiAaPQ)EBC267141 035 $a(EXLCZ)991000000000338650 100 $a20060619d2006 fy 0 101 0 $aeng 135 $aur|n|---||||| 181 $ctxt 182 $cc 183 $acr 200 10$aMarketing genius$b[electronic resource] /$fPeter Fisk 210 $aChichester, England ;$aHoboken, NJ $cCapstone$d2006 215 $a1 online resource (500 p.) 300 $aIncludes index. 311 $a1-84112-681-0 327 $aMarketing Genius; About the author; Turn on; Play; Part 1 Ingenuity: The making of a marketing genius; Track 1 Complexity; Track 2 Expectations; Track 3 Genius; Part 2 Thinking: The mind of a marketing genius; Track 4 Strategy; Track 5 Brands; Track 6 Customers; Track 7 Innovation; Part 3 Competing: The touch of a marketing genius; Track 8 Propositions; Track 9 Experiences; Track 10 Connections; Track 11 Relationships; Part 4 Leading: The impact of a marketing genius; Track 12 Performance; Track 13 Marketers; Track 14 Leadership; Track 15 Futures; Genius lab; Genius catalysts; Genius source 327 $aRechargeIndex 330 $aThe little black book of marketing is here. Marketing guru Peter Fisk's inspirational manual of marketing shows you how to inject marketing genius into your business to stand out from the crowd and deliver exceptional results. Marketing Genius is about achieving genius in your business and its markets, through your everyday decisions and actions. It combines the deep intelligence and radical creativity required to make sense of, and stand out in today's markets. It applies the genius of Einstein and Picasso to the challenges of marketing, brands and innovation, to deliver exceptional impact in 606 $aMarketing$xManagement 608 $aElectronic books. 615 0$aMarketing$xManagement. 676 $a658.8 676 $a658.802 700 $aFisk$b Peter$0862261 801 0$bMiAaPQ 801 1$bMiAaPQ 801 2$bMiAaPQ 906 $aBOOK 912 $a9910143307103321 996 $aMarketing genius$92290321 997 $aUNINA LEADER 01740nas 2200577-a 450 001 996213062303316 005 20230227213019.0 035 $a(OCoLC)335214840 035 $a(CKB)1000000000717878 035 $a(CONSER)--2010243417 035 $a(DE-599)ZDB2494772-6 035 $a(MiFhGG)5UBK 035 $a(MiAaPQ)3933188 035 $a(EXLCZ)991000000000717878 100 $a20081121a20099999 --- a 101 0 $aeng 135 $aurcn||||a|||| 181 $ctxt$2rdacontent 182 $cc$2rdamedia 183 $acr$2rdacarrier 200 00$aClinical epidemiology 210 $a[Auckland, N.Z.] $cDove Medical Press$d©2009- 215 $a1 online resource 300 $aRefereed/Peer-reviewed 300 $aArchived by the National Library of New Zealand. 300 $aHypertext links contained in the archived instances of this title are non-functional.$5Nz 311 $a1179-1349 531 $aClin Epidemiol 531 1 $aClin. epidemiol. 531 10$aClin Epidemiol 606 $aEpidemiology$vPeriodicals 606 $aClinical epidemiology$vPeriodicals 606 $aEpidemiology 606 $aEpidemiology$2fast$3(OCoLC)fst00914091 606 $aClinical epidemiology$2fast$3(OCoLC)fst00864353 608 $aPeriodical. 608 $aFulltext. 608 $aInternet Resources. 608 $aPeriodicals. 608 $aPeriodicals.$2fast 610 $aEpidemiology & Epidemics 615 0$aEpidemiology 615 0$aClinical epidemiology 615 12$aEpidemiology. 615 7$aEpidemiology 615 7$aClinical epidemiology. 676 $a614.405 906 $aJOURNAL 912 $a996213062303316 996 $aClinical epidemiology$9228574 997 $aUNISA LEADER 01448nas 2200469-a 450 001 9910446737703321 005 20231213213019.0 011 $a1746-8485 035 $a(DE-599)ZDB2243969-9 035 $a(OCoLC)70188970 035 $a(CKB)1000000000033980 035 $a(CONSER)--2010253014 035 $a(EXLCZ)991000000000033980 100 $a20060627a20069999 s-- a 101 0 $aeng 135 $aurbn||||||||| 181 $ctxt$2rdacontent 182 $cc$2rdamedia 183 $acr$2rdacarrier 200 10$aAnimation $ean interdisciplinary journal 210 $aLondon ;$aThousand Oaks, CA $cSage Publications 311 1 $a1746-8477 606 $aAnimation (Cinematography)$vPeriodicals 606 $aComputer animation$vPeriodicals 606 $aAnimation (Cinéma)$vPériodiques 606 $aAnimation par ordinateur$vPériodiques 606 $aAnimation (Cinematography)$2fast$3(OCoLC)fst00809628 606 $aComputer animation$2fast$3(OCoLC)fst00872015 608 $aPeriodicals.$2fast 608 $aPeriodicals.$2lcgft 610 $aPhotography 615 0$aAnimation (Cinematography) 615 0$aComputer animation 615 6$aAnimation (Cinéma) 615 6$aAnimation par ordinateur 615 7$aAnimation (Cinematography) 615 7$aComputer animation. 676 $a778.5347 906 $aJOURNAL 912 $a9910446737703321 996 $aAnimation$92016743 997 $aUNINA